[Event "ODJM B 2023"]
[Site "Willingen GER"]
[Date "2023.05.29"]
[Round "3"]
[White "Bakó, Evelin"]
[Black "Hornstein, Leonhard Orell"]
[Result "1/2-1/2"]
[Termination "normal"]
[Board "25"]
[WhiteElo "1162"]
[BlackElo "1476"]
[WhiteClock "00:33:54"]
[BlackClock "00:19:54"]
[PlyCount "43"]
[WhiteFideId "16271823"]
[BlackFideId "16254643"]
[EventCountry "GER"]
[EventRounds "9"]
[EventType "swiss"]
[EventDate "2023.05.27"]

1. e4 {[%clk 01:30:58]} {[%emt 00:00:01]} e6 {[%clk 01:30:57]} {[%emt
00:00:04]} 2. d4 {[%clk 01:31:13]} {[%emt 00:00:14]} d5 {[%clk 01:31:23]}
{[%emt 00:00:04]} 3. Nd2 {[%clk 01:31:11]} {[%emt 00:00:32]} c5 {[%clk
01:30:58]} {[%emt 00:00:56]} 4. c3 {[%clk 01:26:29]} {[%emt 00:05:12]} Qb6
{[%clk 01:27:06]} {[%emt 00:04:21]} 5. Ngf3 {[%clk 01:21:23]} {[%emt 00:05:36]}
Bd7 {[%clk 01:23:47]} {[%emt 00:03:50]} 6. e5 {[%clk 01:18:39]} {[%emt
00:03:13]} Bb5 {[%clk 01:22:58]} {[%emt 00:01:19]} 7. Be2 {[%clk 01:08:18]}
{[%emt 00:10:51]} Bxe2 {[%clk 01:22:51]} {[%emt 00:00:37]} 8. Qxe2 {[%clk
01:08:42]} {[%emt 00:00:05]} Nc6 {[%clk 01:21:30]} {[%emt 00:01:52]} 9. Nb3
{[%clk 01:07:17]} {[%emt 00:01:55]} cxd4 {[%clk 01:19:53]} {[%emt 00:02:08]}
10. cxd4 {[%clk 01:03:47]} {[%emt 00:04:00]} Nge7 {[%clk 01:18:44]} {[%emt
00:01:39]} 11. Bd2 {[%clk 01:02:42]} {[%emt 00:01:34]} Nf5 {[%clk 01:17:29]}
{[%emt 00:01:46]} 12. Bc3 {[%clk 01:02:42]} {[%emt 00:00:29]} Be7 {[%clk
01:06:43]} {[%emt 00:11:17]} 13. O-O {[%clk 00:59:30]} {[%emt 00:03:41]} O-O
{[%clk 01:01:12]} {[%emt 00:06:02]} 14. Rfd1 {[%clk 00:48:56]} {[%emt
00:11:03]} Rac8 {[%clk 00:50:13]} {[%emt 00:11:30]} 15. Rac1 {[%clk 00:48:21]}
{[%emt 00:01:04]} Rc7 {[%clk 00:45:41]} {[%emt 00:05:02]} 16. Rc2 {[%clk
00:46:42]} {[%emt 00:02:06]} Nb4 {[%clk 00:41:19]} {[%emt 00:04:56]} 17. Bxb4
{[%clk 00:46:21]} {[%emt 00:00:49]} Bxb4 {[%clk 00:41:39]} {[%emt 00:00:11]}
18. Rxc7 {[%clk 00:46:15]} {[%emt 00:00:35]} Qxc7 {[%clk 00:41:48]} {[%emt
00:00:23]} 19. Rc1 {[%clk 00:46:32]} {[%emt 00:00:07]} Qd7 {[%clk 00:37:39]}
{[%emt 00:04:45]} 20. Qc2 {[%clk 00:44:12]} {[%emt 00:02:47]} Qb5 {[%clk
00:24:55]} {[%emt 00:13:17]} 21. a3 {[%clk 00:37:07]} {[%emt 00:07:34]} Ba5
{[%clk 00:19:54]} {[%emt 00:05:32]} 22. Nxa5 {[%clk 00:33:54]} {[%emt
00:03:42]} 1/2-1/2

[Event "ODJM B 2023"]
[Site "Willingen GER"]
[Date "2023.05.29"]
[Round "3"]
[White "Schächtelin, Jakob"]
[Black "Göb, Franziska"]
[Result "1/2-1/2"]
[Termination "normal"]
[Board "26"]
[WhiteElo "1468"]
[BlackElo "1278"]
[WhiteClock "00:53:31"]
[BlackClock "00:23:57"]
[PlyCount "44"]
[WhiteFideId "34620834"]
[BlackFideId "16293177"]
[EventCountry "GER"]
[EventRounds "9"]
[EventType "swiss"]
[EventDate "2023.05.27"]

1. e4 {[%clk 01:30:59]} {[%emt 00:00:01]} e5 {[%clk 01:30:55]} {[%emt
00:00:05]} 2. Nf3 {[%clk 01:31:26]} {[%emt 00:00:04]} Nc6 {[%clk 01:31:21]}
{[%emt 00:00:04]} 3. Bc4 {[%clk 01:31:53]} {[%emt 00:00:02]} Nf6 {[%clk
01:31:46]} {[%emt 00:00:05]} 4. d3 {[%clk 01:32:19]} {[%emt 00:00:04]} Bb4+
{[%clk 01:31:15]} {[%emt 00:01:01]} 5. c3 {[%clk 01:32:38]} {[%emt 00:00:10]}
Ba5 {[%clk 01:31:38]} {[%emt 00:00:07]} 6. O-O {[%clk 01:32:27]} {[%emt
00:00:42]} d6 {[%clk 01:31:40]} {[%emt 00:00:27]} 7. a4 {[%clk 01:31:58]}
{[%emt 00:01:00]} Bb6 {[%clk 01:31:17]} {[%emt 00:00:52]} 8. Re1 {[%clk
01:31:43]} {[%emt 00:00:46]} O-O {[%clk 01:27:38]} {[%emt 00:04:09]} 9. h3
{[%clk 01:30:36]} {[%emt 00:01:37]} Be6 {[%clk 01:25:42]} {[%emt 00:02:25]} 10.
Bb3 {[%clk 01:28:38]} {[%emt 00:02:28]} h6 {[%clk 01:22:18]} {[%emt 00:03:54]}
11. Bc2 {[%clk 01:26:29]} {[%emt 00:02:40]} a5 {[%clk 01:11:00]} {[%emt
00:11:48]} 12. Nbd2 {[%clk 01:22:49]} {[%emt 00:04:09]} Qe7 {[%clk 01:00:00]}
{[%emt 00:11:29]} 13. Nf1 {[%clk 01:19:29]} {[%emt 00:03:52]} Rfe8 {[%clk
00:52:44]} {[%emt 00:07:45]} 14. d4 {[%clk 01:18:41]} {[%emt 00:01:18]} exd4
{[%clk 00:52:35]} {[%emt 00:00:40]} 15. cxd4 {[%clk 01:19:06]} {[%emt
00:00:05]} Bd7 {[%clk 00:48:28]} {[%emt 00:04:36]} 16. Ng3 {[%clk 01:18:16]}
{[%emt 00:01:21]} Nh7 {[%clk 00:42:58]} {[%emt 00:06:00]} 17. Bf4 {[%clk
01:15:08]} {[%emt 00:03:37]} Qf6 {[%clk 00:35:57]} {[%emt 00:07:25]} 18. Nh5
{[%clk 01:11:32]} {[%emt 00:04:13]} Qe7 {[%clk 00:31:37]} {[%emt 00:04:49]} 19.
d5 {[%clk 01:02:50]} {[%emt 00:09:13]} Ne5 {[%clk 00:28:51]} {[%emt 00:03:15]}
20. Ng3 {[%clk 00:58:03]} {[%emt 00:05:17]} Qf6 {[%clk 00:27:18]} {[%emt
00:02:01]} 21. Bxe5 {[%clk 00:57:13]} {[%emt 00:01:23]} dxe5 {[%clk 00:27:36]}
{[%emt 00:00:11]} 22. Qe2 {[%clk 00:53:31]} {[%emt 00:04:13]} Ng5 {[%clk
00:23:57]} {[%emt 00:04:08]} 1/2-1/2

[Event "ODJM B 2023"]
[Site "Willingen GER"]
[Date "2023.05.29"]
[Round "3"]
[White "Kutz, Ida Klara"]
[Black "Wilmink, Luca"]
[Result "1-0"]
[Termination "normal"]
[Board "27"]
[WhiteElo "1411"]
[BlackElo "1530"]
[WhiteClock "00:39:03"]
[BlackClock "00:31:31"]
[PlyCount "45"]
[WhiteFideId "16296257"]
[BlackFideId "16245253"]
[EventCountry "GER"]
[EventRounds "9"]
[EventType "swiss"]
[EventDate "2023.05.27"]

1. Nf3 {[%clk 01:30:57]} {[%emt 00:00:04]} c5 {[%clk 01:30:18]} {[%emt
00:00:40]} 2. g3 {[%clk 01:31:09]} {[%emt 00:00:18]} Nc6 {[%clk 01:28:26]}
{[%emt 00:02:23]} 3. Bg2 {[%clk 01:31:04]} {[%emt 00:00:34]} g6 {[%clk
01:26:26]} {[%emt 00:02:30]} 4. O-O {[%clk 01:30:19]} {[%emt 00:01:14]} Bg7
{[%clk 01:26:00]} {[%emt 00:00:57]} 5. c4 {[%clk 01:29:31]} {[%emt 00:01:18]}
e6 {[%clk 01:24:16]} {[%emt 00:02:15]} 6. e3 {[%clk 01:28:13]} {[%emt
00:01:48]} Nge7 {[%clk 01:24:14]} {[%emt 00:00:32]} 7. Nc3 {[%clk 01:23:40]}
{[%emt 00:05:03]} d5 {[%clk 01:18:47]} {[%emt 00:05:56]} 8. cxd5 {[%clk
01:19:25]} {[%emt 00:04:46]} exd5 {[%clk 01:16:27]} {[%emt 00:02:50]} 9. d4
{[%clk 01:17:19]} {[%emt 00:02:36]} cxd4 {[%clk 01:11:15]} {[%emt 00:05:42]}
10. Nxd4 {[%clk 01:17:18]} {[%emt 00:00:30]} O-O {[%clk 01:06:21]} {[%emt
00:05:24]} 11. b3 {[%clk 01:16:26]} {[%emt 00:01:22]} Nxd4 {[%clk 00:56:03]}
{[%emt 00:10:49]} 12. exd4 {[%clk 01:16:37]} {[%emt 00:00:20]} Be6 {[%clk
00:55:03]} {[%emt 00:01:29]} 13. Bb2 {[%clk 01:14:07]} {[%emt 00:02:59]} a6
{[%clk 00:49:27]} {[%emt 00:06:06]} 14. Na4 {[%clk 01:10:10]} {[%emt 00:04:28]}
Nc6 {[%clk 00:43:59]} {[%emt 00:05:58]} 15. Nc5 {[%clk 01:03:45]} {[%emt
00:06:54]} b6 {[%clk 00:43:51]} {[%emt 00:00:39]} 16. Nxe6 {[%emt 00:02:05]}
fxe6 {[%emt 00:00:15]} 17. Rc1 {[%clk 00:59:37]} {[%emt 00:02:18]} Rc8 {[%clk
00:41:50]} {[%emt 00:02:30]} 18. Bh3 {[%clk 00:53:33]} {[%emt 00:06:34]} Qf6
{[%clk 00:39:39]} {[%emt 00:02:40]} 19. Qe2 {[%clk 00:50:12]} {[%emt 00:03:51]}
Rfe8 {[%clk 00:34:50]} {[%emt 00:05:21]} 20. Rfe1 {[%clk 00:43:05]} {[%emt
00:07:37]} Kf7 {[%clk 00:34:30]} {[%emt 00:00:49]} 21. Qxa6 {[%clk 00:41:41]}
{[%emt 00:01:54]} Bh6 {[%clk 00:32:32]} {[%emt 00:02:28]} 22. Rxc6 {[%clk
00:40:25]} {[%emt 00:01:46]} Ra8 {[%clk 00:31:31]} {[%emt 00:01:32]} 23. Qb7+
{[%clk 00:39:03]} {[%emt 00:01:52]} 1-0

[Event "ODJM B 2023"]
[Site "Willingen GER"]
[Date "2023.05.29"]
[Round "3"]
[White "Borgmann, Simon"]
[Black "Goda, Maurice"]
[Result "1-0"]
[Termination "normal"]
[Board "28"]
[WhiteElo "1543"]
[BlackElo "1453"]
[WhiteClock "00:37:17"]
[BlackClock "00:57:10"]
[PlyCount "67"]
[WhiteFideId "16234677"]
[BlackFideId "34640940"]
[EventCountry "GER"]
[EventRounds "9"]
[EventType "swiss"]
[EventDate "2023.05.27"]

1. d4 {[%clk 01:30:44]} {[%emt 00:00:15]} d5 {[%clk 01:30:56]} {[%emt
00:00:04]} 2. Nf3 {[%clk 01:31:01]} {[%emt 00:00:13]} Nf6 {[%clk 01:30:45]}
{[%emt 00:00:42]} 3. e3 {[%clk 01:28:29]} {[%emt 00:03:02]} e6 {[%clk
01:29:13]} {[%emt 00:02:01]} 4. b3 {[%clk 01:20:46]} {[%emt 00:08:13]} c5
{[%clk 01:26:20]} {[%emt 00:03:24]} 5. Bb2 {[%clk 01:20:10]} {[%emt 00:01:05]}
Nc6 {[%clk 01:25:38]} {[%emt 00:01:12]} 6. Nbd2 {[%clk 01:20:19]} {[%emt
00:00:21]} Bd7 {[%clk 01:19:18]} {[%emt 00:06:50]} 7. Be2 {[%clk 01:20:16]}
{[%emt 00:00:33]} cxd4 {[%clk 01:15:06]} {[%emt 00:04:42]} 8. Nxd4 {[%clk
01:19:45]} {[%emt 00:01:01]} Bd6 {[%clk 01:13:42]} {[%emt 00:01:55]} 9. N2f3
{[%clk 01:05:42]} {[%emt 00:14:32]} Qe7 {[%clk 01:10:56]} {[%emt 00:03:16]} 10.
Nxc6 {[%clk 00:58:27]} {[%emt 00:07:45]} bxc6 {[%clk 01:10:02]} {[%emt
00:01:24]} 11. Ne5 {[%clk 00:57:45]} {[%emt 00:01:12]} O-O {[%clk 01:09:01]}
{[%emt 00:01:32]} 12. O-O {[%clk 00:58:11]} {[%emt 00:00:03]} Bc8 {[%clk
01:08:08]} {[%emt 00:01:23]} 13. f4 {[%clk 00:52:41]} {[%emt 00:06:00]} Qc7
{[%clk 01:05:10]} {[%emt 00:03:28]} 14. Rf3 {[%clk 00:50:45]} {[%emt 00:02:25]}
Nd7 {[%clk 01:03:31]} {[%emt 00:02:10]} 15. Nxd7 {[%clk 00:49:38]} {[%emt
00:01:37]} Bxd7 {[%clk 01:03:56]} {[%emt 00:00:05]} 16. Rg3 {[%clk 00:49:18]}
{[%emt 00:00:50]} e5 {[%clk 01:03:50]} {[%emt 00:00:36]} 17. fxe5 {[%clk
00:47:23]} {[%emt 00:02:25]} Bxe5 {[%clk 01:04:13]} {[%emt 00:00:07]} 18. Bxe5
{[%clk 00:47:47]} {[%emt 00:00:05]} Qxe5 {[%clk 01:04:39]} {[%emt 00:00:05]}
19. Qd4 {[%clk 00:47:46]} {[%emt 00:00:31]} f6 {[%clk 01:03:10]} {[%emt
00:01:59]} 20. c4 {[%clk 00:44:13]} {[%emt 00:04:03]} Rae8 {[%clk 01:01:35]}
{[%emt 00:02:06]} 21. Bd3 {[%clk 00:37:45]} {[%emt 00:06:57]} c5 {[%clk
00:58:11]} {[%emt 00:03:54]} 22. Qxe5 {[%clk 00:37:46]} {[%emt 00:00:29]} Rxe5
{[%clk 00:58:31]} {[%emt 00:00:10]} 23. cxd5 {[%clk 00:37:37]} {[%emt
00:00:39]} Rxd5 {[%clk 00:58:55]} {[%emt 00:00:06]} 24. Bc4 {[%clk 00:38:02]}
{[%emt 00:00:06]} Be6 {[%clk 00:58:36]} {[%emt 00:00:49]} 25. Bxd5 {[%clk
00:38:26]} {[%emt 00:00:05]} Bxd5 {[%clk 00:59:03]} {[%emt 00:00:03]} 26. Rd1
{[%clk 00:38:45]} {[%emt 00:00:11]} Bc6 {[%clk 00:58:46]} {[%emt 00:00:48]} 27.
Rd6 {[%clk 00:37:42]} {[%emt 00:01:32]} Be4 {[%clk 00:58:02]} {[%emt 00:01:14]}
28. Rd7 {[%clk 00:37:33]} {[%emt 00:00:39]} a6 {[%clk 00:57:26]} {[%emt
00:01:06]} 29. Rgxg7+ {[%clk 00:37:44]} {[%emt 00:00:19]} Kh8 {[%clk 00:57:46]}
{[%emt 00:00:10]} 30. Rgf7 {[%clk 00:37:22]} {[%emt 00:00:51]} Rg8 {[%clk
00:58:00]} {[%emt 00:00:17]} 31. g3 {[%clk 00:37:32]} {[%emt 00:00:20]} h5
{[%clk 00:58:01]} {[%emt 00:00:28]} 32. Rxf6 {[%clk 00:37:43]} {[%emt
00:00:20]} Bg6 {[%clk 00:56:49]} {[%emt 00:01:42]} 33. Rxa6 {[%clk 00:37:17]}
{[%emt 00:00:56]} h4 {[%clk 00:57:10]} {[%emt 00:00:09]} 34. a4 {[%emt
00:03:00]} 1-0

[Event "ODJM B 2023"]
[Site "Willingen GER"]
[Date "2023.05.29"]
[Round "3"]
[White "Kauth, Lukas Michael"]
[Black "Oblender, Rudi"]
[Result "1-0"]
[Termination "normal"]
[Board "29"]
[WhiteElo "1315"]
[BlackElo "1391"]
[WhiteClock "01:04:31"]
[BlackClock "00:19:03"]
[PlyCount "73"]
[WhiteFideId "16272994"]
[BlackFideId "34625089"]
[EventCountry "GER"]
[EventRounds "9"]
[EventType "swiss"]
[EventDate "2023.05.27"]

1. e4 {[%clk 01:30:57]} {[%emt 00:00:02]} e5 {[%clk 01:30:57]} {[%emt
00:00:03]} 2. Nf3 {[%clk 01:31:21]} {[%emt 00:00:06]} Nc6 {[%clk 01:31:22]}
{[%emt 00:00:05]} 3. Bc4 {[%clk 01:31:48]} {[%emt 00:00:03]} Bc5 {[%clk
01:31:32]} {[%emt 00:00:21]} 4. b4 {[%clk 01:32:12]} {[%emt 00:00:07]} Bb6
{[%clk 01:26:35]} {[%emt 00:05:26]} 5. a4 {[%clk 01:30:16]} {[%emt 00:02:25]}
a6 {[%clk 01:25:15]} {[%emt 00:01:51]} 6. c3 {[%clk 01:28:20]} {[%emt
00:02:26]} Qe7 {[%clk 01:21:59]} {[%emt 00:03:46]} 7. Ba3 {[%clk 01:24:50]}
{[%emt 00:03:58]} d6 {[%clk 01:22:03]} {[%emt 00:00:28]} 8. d3 {[%clk
01:24:27]} {[%emt 00:00:52]} Be6 {[%clk 01:21:15]} {[%emt 00:01:19]} 9. Nbd2
{[%clk 01:24:32]} {[%emt 00:00:25]} Nf6 {[%clk 01:17:49]} {[%emt 00:03:56]} 10.
O-O {[%clk 01:23:23]} {[%emt 00:01:37]} Bg4 {[%clk 01:15:02]} {[%emt 00:03:18]}
11. h3 {[%clk 01:22:28]} {[%emt 00:01:25]} h5 {[%clk 01:05:26]} {[%emt
00:10:07]} 12. Qb3 {[%clk 01:17:40]} {[%emt 00:05:18]} Be6 {[%clk 01:02:06]}
{[%emt 00:03:50]} 13. Ng5 {[%clk 01:16:23]} {[%emt 00:01:46]} Nd7 {[%clk
00:57:12]} {[%emt 00:05:25]} 14. Bxe6 {[%clk 01:14:29]} {[%emt 00:02:24]} fxe6
{[%emt 00:01:22]} 15. Qxe6 {[%clk 01:14:36]} {[%emt 00:00:20]} Qxe6 {[%clk
00:56:42]} {[%emt 00:00:11]} 16. Nxe6 {[%clk 01:15:00]} {[%emt 00:00:06]} Kf7
{[%clk 00:56:45]} {[%emt 00:00:27]} 17. Ng5+ {[%clk 01:15:18]} {[%emt
00:00:11]} Kf6 {[%clk 00:57:03]} {[%emt 00:00:13]} 18. h4 {[%clk 01:15:30]}
{[%emt 00:00:17]} Nf8 {[%clk 00:56:44]} {[%emt 00:00:49]} 19. Nc4 {[%clk
01:15:37]} {[%emt 00:00:22]} Ba7 {[%clk 00:55:08]} {[%emt 00:02:08]} 20. b5
{[%clk 01:15:03]} {[%emt 00:01:05]} Ne7 {[%clk 00:37:56]} {[%emt 00:17:41]} 21.
b6 {[%clk 01:14:19]} {[%emt 00:01:14]} d5 {[%clk 00:32:40]} {[%emt 00:05:45]}
22. exd5 {[%clk 01:13:35]} {[%emt 00:01:14]} cxb6 {[%clk 00:32:39]} {[%emt
00:00:31]} 23. Bxe7+ {[%clk 01:13:18]} {[%emt 00:00:48]} Kxe7 {[%clk 00:32:54]}
{[%emt 00:00:15]} 24. Nxe5 {[%clk 01:13:39]} {[%emt 00:00:09]} Kf6 {[%clk
00:31:15]} {[%emt 00:02:08]} 25. d4 {[%clk 01:13:33]} {[%emt 00:00:36]} Ng6
{[%clk 00:31:26]} {[%emt 00:00:20]} 26. f4 {[%clk 01:12:29]} {[%emt 00:01:33]}
Nxh4 {[%clk 00:30:35]} {[%emt 00:01:21]} 27. Rab1 {[%clk 01:12:16]} {[%emt
00:00:44]} Ng6 {[%clk 00:28:16]} {[%emt 00:02:48]} 28. Nd7+ {[%clk 01:09:47]}
{[%emt 00:02:53]} Kf5 {[%clk 00:28:01]} {[%emt 00:00:52]} 29. Nxb6 {[%clk
01:10:00]} {[%emt 00:00:17]} Bxb6 {[%clk 00:26:52]} {[%emt 00:01:39]} 30. Rxb6
{[%clk 01:10:25]} {[%emt 00:00:05]} Rab8 {[%clk 00:26:14]} {[%emt 00:01:08]}
31. Nf7 {[%clk 01:08:44]} {[%emt 00:02:10]} Rhf8 {[%clk 00:24:44]} {[%emt
00:02:00]} 32. Nd6+ {[%clk 01:08:55]} {[%emt 00:00:20]} Kg4 {[%clk 00:25:02]}
{[%emt 00:00:12]} 33. f5 {[%clk 01:08:07]} {[%emt 00:01:18]} Nf4 {[%clk
00:25:07]} {[%emt 00:00:25]} 34. Ne4 {[%clk 01:06:44]} {[%emt 00:01:52]} Rxf5
{[%clk 00:24:21]} {[%emt 00:01:16]} 35. Kh2 {[%clk 01:05:19]} {[%emt 00:01:55]}
Rff8 {[%clk 00:19:19]} {[%emt 00:05:32]} 36. g3 {[%clk 01:05:06]} {[%emt
00:00:43]} Nxd5 {[%clk 00:19:03]} {[%emt 00:00:47]} 37. Rg6# {[%clk 01:04:31]}
{[%emt 00:00:27]} 1-0